Powers of atorney

Bibliographic Details
Main Author: Albridge, Trevor
Format: Book
Published: London : Oyez Longman , c1983
Subjects:

MARC

LEADER 00000cam a2200000 7i4500
001 0000001544
005 20220328.0
020 |a 0851205798 
040 |a INS 
090 0 0 |a KD2022   |b A95 1983 
100 1 |a Albridge, Trevor 
245 1 0 |a Powers of atorney   |c Trevor Albridge 
260 |a London :   |b Oyez Longman ,   |c c1983 
300 |a vp :   |b 132p ;   |c 21cm. 
500 |a Includes index 
650 0 0 |a Agency (law) 
650 0 0 |a Power of atlorney 
999 |a 0000001489   |b BOOK   |c Open Shelf   |e Default branch